| 000 -LEADER |
| fixed length control field |
02376cam a22005177a 4500 |
| 001 - CONTROL NUMBER |
| control field |
15061700 |
| 003 - CONTROL NUMBER IDENTIFIER |
| control field |
NUST |
| 005 - DATE AND TIME OF LATEST TRANSACTION |
| control field |
20191008100702.0 |
| 008 - FIXED-LENGTH DATA ELEMENTS--GENERAL INFORMATION |
| fixed length control field |
071029s2006 dcuak b 000 0 eng d |
| 010 ## - LIBRARY OF CONGRESS CONTROL NUMBER |
| LC control number |
2006906642 |
| 020 ## - INTERNATIONAL STANDARD BOOK NUMBER |
| International Standard Book Number |
0309097746 |
| 020 ## - INTERNATIONAL STANDARD BOOK NUMBER |
| International Standard Book Number |
9780309097741 |
| 035 ## - SYSTEM CONTROL NUMBER |
| System control number |
(OCoLC)ocm84738701 |
| 038 ## - RECORD CONTENT LICENSOR |
| Staff Name |
MSOHAIL |
| 040 ## - CATALOGING SOURCE |
| Original cataloging agency |
OSU |
| Transcribing agency |
OSU |
| Modifying agency |
IQU |
| -- |
JCR |
| -- |
LVB |
| -- |
DLC |
| 042 ## - AUTHENTICATION CODE |
| Authentication code |
lccopycat |
| 050 00 - LIBRARY OF CONGRESS CALL NUMBER |
| Classification number |
TD195.R63 |
| Item number |
C66 2006 |
| 082 00 - DEWEY DECIMAL CLASSIFICATION NUMBER |
| Classification number |
625.77 |
| Edition number |
22 |
| 245 00 - TITLE STATEMENT |
| Title |
Control of invasive species : |
| Remainder of title |
a synthesis of highway practice / |
| Statement of responsibility, etc. |
consultant, Marie Venner. |
| 260 ## - PUBLICATION, DISTRIBUTION, ETC. |
| Place of publication, distribution, etc. |
Washington, D.C. : |
| Name of publisher, distributor, etc. |
Transportation Research Board, National Research Council, |
| Date of publication, distribution, etc. |
c2006. |
| 300 ## - PHYSICAL DESCRIPTION |
| Extent |
115 p. : |
| Other physical details |
ill., forms ; |
| Dimensions |
28 cm. |
| 490 1# - SERIES STATEMENT |
| Series statement |
NCHRP synthesis, |
| International Standard Serial Number |
0547-5570 ; |
| Volume/sequential designation |
363 |
| 500 ## - GENERAL NOTE |
| General note |
At head of title: National Cooperative Highway Research Program. |
| 500 ## - GENERAL NOTE |
| General note |
"Research sponsored by the American Association of State Highway and Transportation Officials in Cooperation with the Federal Highway Administration." |
| 504 ## - BIBLIOGRAPHY, ETC. NOTE |
| Bibliography, etc. note |
Includes bibliographical references. |
| 530 ## - ADDITIONAL PHYSICAL FORM AVAILABLE NOTE |
| Additional physical form available note |
Also available online via the TRB website (http://trb.org/). |
| 650 #0 - SUBJECT ADDED ENTRY--TOPICAL TERM |
| Topical term or geographic name entry element |
Roads |
| General subdivision |
Design and construction |
| -- |
Environmental aspects |
| Geographic subdivision |
United States. |
| 9 (RLIN) |
20815 |
| 650 #0 - SUBJECT ADDED ENTRY--TOPICAL TERM |
| Topical term or geographic name entry element |
Roadside plants |
| General subdivision |
Control |
| Geographic subdivision |
United States. |
| 9 (RLIN) |
23022 |
| 650 #0 - SUBJECT ADDED ENTRY--TOPICAL TERM |
| Topical term or geographic name entry element |
Vegetation management |
| Geographic subdivision |
United States. |
| 9 (RLIN) |
23023 |
| 650 #0 - SUBJECT ADDED ENTRY--TOPICAL TERM |
| Topical term or geographic name entry element |
Invasive plants |
| General subdivision |
Control |
| Geographic subdivision |
United States. |
| 9 (RLIN) |
23024 |
| 650 #0 - SUBJECT ADDED ENTRY--TOPICAL TERM |
| Topical term or geographic name entry element |
Weeds |
| General subdivision |
Control |
| Geographic subdivision |
United States. |
| 9 (RLIN) |
23025 |
| 650 #0 - SUBJECT ADDED ENTRY--TOPICAL TERM |
| Topical term or geographic name entry element |
Transportation |
| General subdivision |
Environmental aspects. |
| 9 (RLIN) |
909 |
| 650 #0 - SUBJECT ADDED ENTRY--TOPICAL TERM |
| Topical term or geographic name entry element |
Roads |
| General subdivision |
Environmental aspects. |
| 9 (RLIN) |
22483 |
| 650 #6 - SUBJECT ADDED ENTRY--TOPICAL TERM |
| Topical term or geographic name entry element |
Flore des abords de route, Lutte contre la. |
| 9 (RLIN) |
23026 |
| 650 #6 - SUBJECT ADDED ENTRY--TOPICAL TERM |
| Topical term or geographic name entry element |
Plantes envahissantes, Lutte contre les. |
| 9 (RLIN) |
23027 |
| 650 #6 - SUBJECT ADDED ENTRY--TOPICAL TERM |
| Topical term or geographic name entry element |
Mauvaises herbes, Lutte contre les. |
| 9 (RLIN) |
23028 |
| 700 1# - ADDED ENTRY--PERSONAL NAME |
| Personal name |
Venner, Marie. |
| 9 (RLIN) |
23029 |
| 710 2# - ADDED ENTRY--CORPORATE NAME |
| Corporate name or jurisdiction name as entry element |
National Cooperative Highway Research Program. |
| 9 (RLIN) |
20864 |
| 710 2# - ADDED ENTRY--CORPORATE NAME |
| Corporate name or jurisdiction name as entry element |
American Association of State Highway and Transportation Officials. |
| 9 (RLIN) |
19553 |
| 710 1# - ADDED ENTRY--CORPORATE NAME |
| Corporate name or jurisdiction name as entry element |
United States. |
| Subordinate unit |
Federal Highway Administration. |
| 9 (RLIN) |
20149 |
| 830 #0 - SERIES ADDED ENTRY--UNIFORM TITLE |
| Uniform title |
Synthesis of highway practice ; |
| Volume/sequential designation |
363. |
| 9 (RLIN) |
23030 |
| 856 41 - ELECTRONIC LOCATION AND ACCESS |
| Uniform Resource Identifier |
<a href="http://trb.org/news/blurb%5Fdetail.asp?id=7305">http://trb.org/news/blurb%5Fdetail.asp?id=7305</a> |
| 906 ## - LOCAL DATA ELEMENT F, LDF (RLIN) |
| a |
7 |
| b |
cbc |
| c |
copycat |
| d |
2 |
| e |
opcn |
| f |
20 |
| g |
y-gencatlg |
| 942 ## - ADDED ENTRY ELEMENTS (KOHA) |
| Source of classification or shelving scheme |
|
| Koha item type |
Book |